000 01053cam a2200325 a 4500
001 000012028
003 DO-SdBNP
005 20220331093352.0
007 ta
008 951205s1997 sp b 000 0 spa d
020 _a8437613493
040 _aDO-SdBNP
_bspa
_cBNPHU
082 4 _a868.08
_bG731ó, 1997
_222
100 1 _aGracián y Morales, Baltasar,
_d1601-1658.
_93393
245 1 0 _aOráculo manual y arte de prudencia /
_cBaltasar Gracián ; edición de Emilio Blanco.
250 _a2a ed.
260 _aMadrid :
_bCátedra,
_c1997.
300 _a261 p. ;
_c18 cm.
490 1 _aLetras hispánicas
_v395
500 _aIncluye referencias bibliográficas y notas al pie de las páginas.
590 _aInventariado, 2022/BT
650 4 _aLiteratura española
_xColecciones de escritos
_98735
650 4 _aMáximas
_914993
650 4 _aPrudencia
_926973
650 4 _aProverbios y refranes españoles
_914992
700 1 _aBlanco, Emilio,
_eed.
_915557
830 0 _aLetras hispánicas ;
_v395
_94208
910 _aWM
942 _2ddc
_cLBS1
999 _c11696
_d11696